Pequeña guarnición (Record no. 152123)

MARC details
000 -LEADER
campo de control de longitud fija 00668nam a2200157 i 4500
001 - NÚMERO DE CONTROL
campo de control 152123
003 - IDENTIFICADOR DE NÚMERO DE CONTROL
campo de control ES-MaACL
005 - FECHA Y HORA DE LA ÚLTIMA TRANSACCIÓN
campo de control 20230906204538.0
008 - DATOS DE LONGITUD FIJA--INFORMACIÓN GENERAL
campo de control de longitud fija 051010s1903 sp |||| | spa d
100 1# - ENTRADA PRINCIPAL--NOMBRE DE PERSONA
Nombre de persona Bilse, O.
9 (RLIN) 146716
245 10 - MENCIÓN DEL TÍTULO
Título Pequeña guarnición
Resto del título : novela de costumbres militares : precedida de los debates del Consejo de Guerra de Metz en los dias 9, 10 y 11 de noviembre de 1903 /
Mención de responsabilidad, etc. Teniete O. Bilse ; traducción de R. García Ibáñez.
260 ## - PUBLICACIÓN, DISTRIBUCIÓN, ETC.
Lugar de publicación, distribución, etc. Valencia ;
-- Madrid :
Nombre del editor, distribuidor, etc. F. Sempere y Compañía,
Fecha de publicación, distribución, etc. [1903?]
300 ## - DESCRIPCIÓN FÍSICA
Extensión 234 p. ;
Dimensiones 19 cm.
700 0# - ENTRADA AGREGADA--NOMBRE PERSONAL
Nombre de persona García Ibáñez, R.
9 (RLIN) 54785
852 ## - LOCALIZACIÓN
Ubicación ES-MaACL
Número de control de estantería D-1502
Nota libre . - Legado de Modesto de la Fuente
Holdings
Estatus retirado Estado de pérdida Estado de daño No para préstamo Biblioteca de origen Biblioteca actual Ubicación en estantería Fecha de adquisición Fuente de adquisición Total de préstamos Signatura topográfica completa Código de barras Visto por última vez Precio de reemplazo Tipo de ítem Koha
        Biblioteca del Ateneo de Madrid Biblioteca del Ateneo de Madrid Sala Valle Inclán 25/05/2011     D-1502 901187305 23/02/2023 23/02/2023 Libro impreso